| 000 | 01556nam a2200361 a 4500 | ||
|---|---|---|---|
| 001 | ebr10504512 | ||
| 003 | CaPaEBR | ||
| 006 | m u | ||
| 007 | cr cn||||||||| | ||
| 008 | 110830s2011 enk sb 001 0 eng d | ||
| 010 | _z 2011378851 | ||
| 020 | _z9781848856318 | ||
| 020 | _z9780857719942 (e-book) | ||
| 040 |
_aCaPaEBR _cCaPaEBR |
||
| 035 | _a(OCoLC)759007025 | ||
| 043 | _aa-is--- | ||
| 050 | 1 | 4 |
_aDS125 _b.L38 2011eb |
| 245 | 0 | 0 |
_aLate Ottoman Palestine _h[electronic resource] : _bthe period of young Turk rule / _cedited by Yuval Ben-Bassat and Eyal Ginio. |
| 260 |
_aLondon : _bI.B. Tauris, _c2011. |
||
| 300 | _avi, 310 p. | ||
| 490 | 1 |
_aLibrary of Ottoman studies ; _v29 |
|
| 504 | _aIncludes bibliographical references and index. | ||
| 505 | 0 | _apt. 1. Citizenship, election and social change -- pt. 2. The 'civilizing mission' and center-periphery relationships -- pt. 3. Intellectual responses -- pt. 4. Inter- and Intra-communal relationships. | |
| 533 |
_aElectronic reproduction. _bPalo Alto, Calif. : _cebrary, _d2011. _nAvailable via World Wide Web. _nAccess may be limited to ebrary affiliated libraries. |
||
| 650 | 0 |
_aJews _zPalestine _xHistory. |
|
| 651 | 0 |
_aPalestine _xHistory _y1799-1917. |
|
| 655 | 7 |
_aElectronic books. _2local |
|
| 700 | 1 | _aBen-Bassat, Yuval. | |
| 700 | 1 | _aGinio, Eyal. | |
| 710 | 2 | _aebrary, Inc. | |
| 830 | 0 |
_aLibrary of Ottoman studies ; _vv. 29. |
|
| 856 | 4 | 0 |
_uhttp://site.ebrary.com/lib/rucke/Doc?id=10504512 _zAn electronic book accessible through the World Wide Web; click to view |
| 999 |
_c114394 _d114394 |
||